Paesi nominati nella pagina Wikipedia della Repubblica Ceca - Statistics

Statistiche generali
  • Questo quiz è stato fatto 16 volte
  • Il punteggio medio è 10 su 12
Statistiche sulle risposte
Numero di volte in cui viene nominato Indizio (basato sul motivo per cui lo stato viene nominato nella pagina Wikipedia) Paese % Corretto
11 Paese confinante Austria
94%
8 Paese confinante Germania
94%
9 Paese confinante Polonia
94%
13 Paese confinante Slovacchia
94%
6 Parte di questo paese fece parte del Principato di Moravia Ungheria
94%
1 La rete stradale agevola scambi commerciali tra Repubblica Ceca e questo paese Italia
88%
1 La rete stradale agevola scambi commerciali tra Repubblica Ceca e questo paese Russia
88%
1 La rete stradale agevola scambi commerciali tra Repubblica Ceca e questo paese Croazia
81%
1 La rete stradale agevola scambi commerciali tra Repubblica Ceca e questo paese Slovenia
81%
2 Paese verso il quale migrarono i Galli Boi dopo l'invasione dell'attuale Cechia da parte di tribù germaniche Svizzera
81%
1 Paese che riconobbe rapidamente l'indipendenza della Repubblica Ceca Stati Uniti
69%
2 Territorio d'origine della dinastia che regnò in Boemia nel Trecento Lussemburgo
44%
Nessun quiz corrispondente trovato
Distribuzione punteggi
Percentuale di utenti per punteggio
Percentile per numero di risposta
I tuoi punteggi nel tempo
Non hai fatto questo quiz